000 00329nam a2200121Ia 4500
005 20260328101517.0
008 260328s9999||||xx |||||||||||||| ||und||
245 4 _aThe Pictorial Guide to Cambridge :
_b The University City and the colleges /
260 _bPitkin
300 _a24 p.
650 _aARQUITECTURA REGIONAL
942 _cBK
999 _c9432
_d9432